[Event "Let's Play Chess!"]
[Site "http://www.queenalice.com/game.php?id=1767407"]
[Date "2021.8.22"]
[Round "-"]
[White "MADMIKE"]
[Black "charles31"]
[Result "1/2-1/2"]
[WhiteElo "1779"]
[BlackElo "1621"]

1. d4 d5 2. Nc3 e6 3. a3 h6 4. Bf4 a6 5. e4 dxe4 6. Nxe4 Bd7 7. d5 exd5 8. Qxd5
Nc6 9. Nf3 Be7 10. Bc4 Be6 11. Qxd8+ Rxd8 12. Bxc7 Rc8 13. Bxe6 Rxc7 14. Bb3 Nf6
15. Nc3 O-O 16. O-O Bc5 17. Rad1 Rd8 18. Rxd8+ Nxd8 19. Ne5 Bd4 20. Nc4 b5 21.
Nd6 Bxc3 22. bxc3 Rxc3 23. f3 Rc6 24. Ne4 Nxe4 25. fxe4 Ne6 26. g3 a5 27. h4 a4
28. Bxe6 Rxe6 29. Re1 g5 30. hxg5 hxg5 31. g4 f6 32. Kg2 Rc6 33. Re2 Kf7 34. Rd2
Ke6 35. Kf2 Rc3 36. Rd5 Rxc2+ 37. Ke3 Rc3+ 38. Kd4 Rxa3 39. Rxb5 Rg3 40. Rb4
Rxg4 41. Rxa4 f5 42. Ra6+ Ke7 43. Ra7+ Kd6 44. Ra6+ Kc7 45. Re6 Kd7 46. Kd5 f4
47. Rf6 Rg3 48. e5 Rd3+ 49. Ke4 Re3+ 50. Kd4 Ke7 51. Rg6 Re1 52. Rxg5 f3 53. Rf5
Ke6 54. Rxf3 Rxe5 55. Re3 1/2-1/2

[Event "Challenge"]
[Site "http://www.queenalice.com/game.php?id=1767604"]
[Date "2021.8.22"]
[Round "-"]
[White "MADMIKE"]
[Black "biano"]
[Result "1-0"]
[WhiteElo "1744"]
[BlackElo "1866"]

1. d4 Nf6 2. d5 c6 3. Nc3 Nxd5 4. Nxd5 cxd5 5. Qxd5 e6 6. Qd1 Bc5 7. e3 O-O 8.
Bd3 Nc6 9. Qh5 f5 10. Nf3 Qf6 11. O-O Nb4 12. a3 Nxd3 13. cxd3 b6 14. d4 Be7 15.
b4 Ba6 16. Re1 Rac8 17. Ne5 Rc7 18. Bb2 d6 19. Nf3 Rc2 20. Rab1 Rfc8 21. a4 R8c4
22. b5 Bb7 23. e4 Bxe4 24. Bc1 Rxa4 25. Ng5 h6 26. Nxe4 fxe4 27. Be3 Qf7 28. Qg4
Bg5 29. Rf1 Raa2 30. Rbc1 Qf5 31. Qg3 Bxe3 32. Qxe3 d5 33. Rxc2 Rxc2 34. Qa3 Qf7
35. h3 g5 36. f3 exf3 37. Rxf3 Qg7 38. Qe3 Qd7 39. Qd3 Rc1+ 40. Kf2 Qg7 41. Qe3
Rc4 42. Qxe6+ Kh8 43. Qe8+ 1-0

[Event "Challenge"]
[Site "http://www.queenalice.com/game.php?id=1767605"]
[Date "2021.8.22"]
[Round "-"]
[White "biano"]
[Black "MADMIKE"]
[Result "1-0"]
[WhiteElo "1853"]
[BlackElo "1773"]

1. e4 e5 2. Nf3 d6 3. d4 exd4 4. Nxd4 a6 5. Bc4 Be7 6. O-O Nf6 7. Nc3 O-O 8. f3
Nc6 9. a3 Ne5 10. Ba2 c5 11. Nde2 b5 12. Bd5 Nxd5 13. Nxd5 Bb7 14. b4 cxb4 15.
axb4 Nc4 16. Nec3 Bxd5 17. Nxd5 Bg5 18. Qd4 Bxc1 19. Raxc1 a5 20. c3 a4 21. Rfd1
a3 22. Ne3 Nxe3 23. Qxe3 a2 24. Ra1 Qf6 25. Rd2 Rfc8 26. Rdxa2 Rxa2 27. Rxa2 h6
28. Qd4 Rxc3 29. Ra8+ Kh7 30. Qxf6 gxf6 31. Rb8 Rc1+ 32. Kf2 Rc2+ 33. Kg3 Rc4
34. Rxb5 Kg7 35. h4 Kg6 36. h5+ 1-0

[Event "Challenge"]
[Site "http://www.queenalice.com/game.php?id=1767606"]
[Date "2021.8.22"]
[Round "-"]
[White "MADMIKE"]
[Black "Baby_Chess_91"]
[Result "1-0"]
[WhiteElo "1833"]
[BlackElo "1774"]

1. d4 d5 2. Nc3 Nf6 3. Bf4 Nc6 4. Nb5 e5 5. dxe5 Ne4 6. e6 Bb4+ 7. c3 Ba5 8.
exf7+ Kxf7 9. e3 Re8 10. Qh5+ Kg8 11. Bd3 g6 12. Qe2 a6 13. Nd4 Nxd4 14. Qd1 Nc5
15. b4 Nxd3+ 16. Qxd3 Bb6 17. cxd4 Bf5 18. Qd2 Qh4 19. Nf3 Qxf4 20. O-O Qd6 21.
Ne5 c6 22. f4 Be4 23. a3 Qe7 24. h3 Qh4 25. Nd7 Bc7 26. Nc5 b6 27. Nxe4 Rxe4 28.
Rac1 c5 29. dxc5 Qg3 30. Qxd5+ Kg7 31. Qxe4 Rc8 32. cxb6 Bxb6 33. Rxc8 Bxe3+ 34.
Kh1 Kh6 35. Rc3 1-0

[Event "Challenge"]
[Site "http://www.queenalice.com/game.php?id=1767607"]
[Date "2021.8.22"]
[Round "-"]
[White "Baby_Chess_91"]
[Black "MADMIKE"]
[Result "1-0"]
[WhiteElo "1760"]
[BlackElo "1830"]

1. d4 d5 2. c4 e6 3. Nf3 Nc6 4. Bf4 Bd6 5. Qd2 Nf6 6. Bg5 h6 7. Bh4 dxc4 8. Nc3
O-O 9. e3 Be7 10. Bg3 a6 11. Bxc4 Bb4 12. Qd3 Bxc3+ 13. bxc3 b5 14. Bb3 Bb7 15.
O-O b4 16. Bc2 a5 17. Bh4 g6 18. c4 Kg7 19. e4 Ne7 20. Bxf6+ Kxf6 21. Ne5 c6 22.
Qf3+ Kg7 23. c5 Qxd4 24. Ng4 f6 25. Qf4 g5 26. Qc7 Qxc5 27. Qxb7 Ra7 28. Qxa7
Qxa7 29. Rad1 e5 30. Rd6 Qc7 31. Rfd1 Re8 32. Nxf6 Rf8 33. Nh5+ Kh7 34. Nf6+
Rxf6 35. Rxf6 Nc8 36. Rf8 Nd6 37. Rf6 Nc4 38. Bb3 Qe7 39. Rxc6 Na3 40. Rdd6 Kh8
41. Rxh6+ Kg7 42. Rcg6+ Kf8 43. Rh8# 1-0

[Event "Challenge"]
[Site "http://www.queenalice.com/game.php?id=1767654"]
[Date "2021.8.22"]
[Round "-"]
[White "MADMIKE"]
[Black "Dzzagor"]
[Result "0-1"]
[WhiteElo "1834"]
[BlackElo "1836"]

1. d4 Nf6 2. d5 c6 3. c4 cxd5 4. cxd5 g6 5. Nc3 Bg7 6. e4 d6 7. Be2 O-O 8. Nf3
Nbd7 9. O-O Nc5 10. Bd3 Nxd3 11. Qxd3 Bd7 12. Bf4 Qa5 13. a3 Qb6 14. Rab1 Rac8
15. b4 Ng4 16. Bd2 Bxc3 17. Bxc3 Bb5 18. Qd2 Bxf1 19. Rxf1 Rc4 20. h3 Nf6 21.
Re1 Rfc8 22. Bxf6 exf6 23. Qe2 Rc3 24. Ra1 Rc2 25. Nd2 Qd4 26. Rd1 Qb2 27. f4
Qxa3 28. b5 Qc3 29. e5 fxe5 30. fxe5 dxe5 31. Qf2 e4 32. Qf4 Qd4+ 33. Kh1 Qxd5
34. h4 Rd8 35. h5 Qxh5+ 0-1

[Event "Challenge"]
[Site "http://www.queenalice.com/game.php?id=1767655"]
[Date "2021.8.22"]
[Round "-"]
[White "Dzzagor"]
[Black "MADMIKE"]
[Result "1-0"]
[WhiteElo "1813"]
[BlackElo "1821"]

1. e4 e5 2. Nf3 d6 3. d4 exd4 4. Nxd4 Nf6 5. Nc3 Be7 6. Be2 O-O 7. O-O Nc6 8.
Be3 Nxd4 9. Bxd4 c5 10. Be3 a6 11. a4 Qb6 12. Qd2 Bg4 13. f3 Be6 14. a5 Qc7 15.
f4 Bg4 16. Bc4 h6 17. Bd5 Rab8 18. f5 b6 19. h3 Bh5 20. g4 Bxg4 21. hxg4 Nxg4
22. Bf4 Bf6 23. Qg2 Bd4+ 24. Kh1 Nf6 25. Bxh6 Nh5 26. f6 g6 27. Qxg6+ Kh8 28.
Qxh5 1-0

[Event "AUTO-ADV-4530"]
[Site "http://www.queenalice.com/game.php?id=1767746"]
[Date "2021.8.23"]
[Round "1"]
[White "EcheKiel"]
[Black "MADMIKE"]
[Result "0-1"]
[WhiteElo "1837"]
[BlackElo "1725"]

1. e4 e5 2. Bc4 Nf6 3. Qf3 Nc6 4. c3 Bc5 5. d4 exd4 6. Ne2 Ne5 7. Bxf7+ Kxf7 8.
Qg3 Qe8 9. cxd4 Bb4+ 10. Nbc3 Bxc3+ 11. Nxc3 Ng6 12. e5 Nh5 13. Qf3+ Kg8 14.
Qxh5 d6 15. O-O dxe5 16. Re1 Bd7 17. Bd2 c6 18. f4 Nxf4 19. Qxe5 Qxe5 20. Rxe5
Nd3 21. Re7 Bf5 22. Rf1 Bg6 23. Rxb7 h6 24. Nd1 Kh7 25. Nc3 c5 26. Rd7 cxd4 27.
Nd5 Raf8 28. Nf6+ Rxf6 29. Rxf6 Ne5 30. Rxa7 d3 31. Rf4 Rb8 32. b3 Rc8 33. Rh4
Rc2 34. Rxh6+ Kg8 35. Ra8+ Kf7 36. Ra7+ Kf6 37. Rh4 Rxd2 38. Rf4+ Kg5 39. g3 Rb2
40. Rxg7 d2 41. Rf1 Rxa2 42. Rd1 Kf6 43. Rg8 Rb2 44. Rd8 Nf3+ 45. Kf2 Bh5 46. h3
Ne5 47. R1xd2 Rxb3 48. g4 Bg6 49. Re2 Rxh3 50. g5+ Ke6 51. Re8+ Bxe8 52. Re3 Rh5
53. Rg3 Kf5 54. Rg1 Bg6 55. Ke2 Nf7 56. Kf2 Nxg5 57. Kg2 Kf6 58. Rh1 Be4+ 0-1

[Event "AUTO-ADV-4530"]
[Site "http://www.queenalice.com/game.php?id=1767747"]
[Date "2021.8.23"]
[Round "1"]
[White "MADMIKE"]
[Black "EcheKiel"]
[Result "0-1"]
[WhiteElo "1762"]
[BlackElo "1817"]

1. d4 d5 2. Nc3 Nf6 3. Bf4 c5 4. e3 Ne4 5. dxc5 e6 6. Nxe4 dxe4 7. Qxd8+ Kxd8 8.
f3 Bxc5 9. O-O-O+ Bd7 10. fxe4 a6 11. Nf3 f6 12. Bc4 Ke7 13. Rhe1 Bc6 14. e5 Nd7
15. exf6+ gxf6 16. a3 Bxf3 17. gxf3 Ne5 18. Bxe5 fxe5 19. e4 b5 20. Be2 Be3+ 21.
Kb1 Bf4 22. h4 Rhg8 23. Rg1 Bh2 24. Rxg8 Rxg8 25. c3 Rg1 26. Rxg1 Bxg1 27. c4
Bf2 28. cxb5 axb5 29. Bxb5 Bxh4 30. Kc1 h5 31. b4 Kd6 32. a4 Be1 33. a5 Bxb4 34.
a6 Bc5 35. Be2 h4 36. Bf1 Ke7 37. Kd2 Kf6 38. Bh3 Kg5 39. Bxe6 Kf4 40. Ke2 Kg3
41. Bg4 h3 42. Bxh3 Kxh3 0-1

[Event "AUTO-ADV-4530"]
[Site "http://www.queenalice.com/game.php?id=1767760"]
[Date "2021.8.23"]
[Round "1"]
[White "Eggchaser"]
[Black "MADMIKE"]
[Result "1-0"]
[WhiteElo "1826"]
[BlackElo "1847"]

1. e4 e5 2. Nf3 d6 3. d4 exd4 4. Qxd4 Nc6 5. Bb5 a6 6. Bxc6+ bxc6 7. h3 Be7 8.
Nc3 Bf6 9. e5 c5 10. Qe4 dxe5 11. Qxa8 Ne7 12. O-O c6 13. Ne4 O-O 14. Nxf6+ gxf6
15. Bh6 Re8 16. Qa7 Qd5 17. Be3 e4 18. Nd2 Nf5 19. Qxc5 Qd7 20. Rad1 Qe6 21. Bf4
e3 22. Bxe3 Nxe3 23. Qxe3 Qd7 24. Qg3+ Kh8 25. Nc4 Qa7 26. Nd6 Rg8 27. Qf3 f5
28. Qc3+ Rg7 29. Nxc8 Qc7 30. Nd6 c5 31. Nxf5 1-0

[Event "AUTO-ADV-4530"]
[Site "http://www.queenalice.com/game.php?id=1767761"]
[Date "2021.8.23"]
[Round "1"]
[White "MADMIKE"]
[Black "Eggchaser"]
[Result "1-0"]
[WhiteElo "1834"]
[BlackElo "1842"]

1. d4 Nf6 2. d5 c6 3. c4 cxd5 4. cxd5 d6 5. Nc3 g6 6. e4 Bg7 7. h3 O-O 8. Nf3
Nbd7 9. Bf4 Nc5 10. Bd3 Qa5 11. O-O Nxd3 12. Qxd3 Bd7 13. a3 a6 14. b4 Qd8 15.
a4 b5 16. a5 Qc8 17. Rac1 Qb7 18. e5 dxe5 19. Nxe5 Bf5 20. Qd4 Nd7 21. Qe3 Nxe5
22. Bxe5 Bxe5 23. Qxe5 Qb8 24. Qxe7 1-0

[Event "AUTO-ADV-4530"]
[Site "http://www.queenalice.com/game.php?id=1767768"]
[Date "2021.8.23"]
[Round "1"]
[White "MMA34"]
[Black "MADMIKE"]
[Result "0-1"]
[WhiteElo "1803"]
[BlackElo "1805"]

1. d4 d5 2. c4 e6 3. Nc3 Nf6 4. Nf3 Nc6 5. a3 dxc4 6. e4 Be7 7. Bxc4 O-O 8. h3
a6 9. O-O h6 10. Re1 b5 11. Be2 b4 12. Na4 Nxe4 13. Bd3 f5 14. Bxe4 fxe4 15.
Rxe4 Qd5 16. Qe2 a5 17. Qd3 Bd7 18. Nc5 Bxc5 19. Be3 Bd6 20. Rd1 b3 21. Rg4 Rf6
22. Qd2 e5 23. dxe5 Qxd2 24. Rxd2 Bxg4 25. hxg4 Nxe5 0-1

[Event "AUTO-ADV-4530"]
[Site "http://www.queenalice.com/game.php?id=1767769"]
[Date "2021.8.23"]
[Round "1"]
[White "MADMIKE"]
[Black "MMA34"]
[Result "0-1"]
[WhiteElo "1850"]
[BlackElo "1826"]

1. d4 Nf6 2. d5 c5 3. c4 d6 4. Nc3 e6 5. dxe6 Bxe6 6. e4 Nc6 7. Nf3 Be7 8. Be2
O-O 9. O-O a6 10. a3 Rb8 11. h3 b5 12. cxb5 axb5 13. Bxb5 Na7 14. a4 Bd7 15. Bc4
Nc6 16. b3 Na5 17. Bb5 Nc6 18. Bxc6 Bxc6 19. Nd5 Nxd5 20. exd5 Bd7 21. Bb2 Bf6
22. Bxf6 Qxf6 23. a5 Bb5 24. Re1 Rfe8 25. Rxe8+ Rxe8 26. a6 Ra8 27. a7 Qe7 28.
Qc2 Rxa7 29. Rxa7 Qxa7 30. Ng5 Qa1+ 31. Kh2 Qe5+ 32. g3 Qxg5 33. Qa2 h6 34. Qa8+
Kh7 35. h4 Qf6 36. Kg2 Be2 37. Qc6 h5 38. Qa8 Qf3+ 39. Kg1 Bd3 40. Qd8 Be4 41.
Kf1 Qd1# 0-1

[Event "AUTO-ADV-4536"]
[Site "http://www.queenalice.com/game.php?id=1769273"]
[Date "2021.9.9"]
[Round "1"]
[White "jambalaya"]
[Black "MADMIKE"]
[Result "1/2-1/2"]
[WhiteElo "1752"]
[BlackElo "1806"]

1. c4 e5 2. Nf3 e4 3. Nd4 Bc5 4. Nb3 d6 5. Nc3 Nf6 6. Nxc5 dxc5 7. d3 exd3 8.
Qxd3 O-O 9. Qxd8 Rxd8 10. Bf4 c6 11. Rd1 Rxd1+ 12. Kxd1 Be6 13. b3 Nbd7 14. f3
a6 15. e4 b5 16. Be2 bxc4 17. Bxc4 Bxc4 18. bxc4 Nb6 19. Be3 Nxc4 20. Bc1 Rd8+
21. Ke2 Ne5 22. Be3 c4 23. Na4 h6 24. Rc1 Rb8 25. Nb6 a5 26. Nxc4 Nxc4 27. Rxc4
Rb2+ 28. Kf1 Rxa2 29. Rxc6 a4 30. Ra6 Ra1+ 31. Kf2 a3 32. Bd4 Ra2+ 33. Kf1 Nd7
34. Ra7 Nf6 35. Bxf6 gxf6 36. h3 Ra1+ 37. Kf2 a2 38. Kg3 Kg7 39. Ra8 h5 40. h4
Kh7 41. Ra7 Kg6 42. f4 Kg7 43. Ra5 Kg6 44. Ra8 Kg7 45. Ra5 1/2-1/2

[Event "AUTO-ADV-4536"]
[Site "http://www.queenalice.com/game.php?id=1769274"]
[Date "2021.9.9"]
[Round "1"]
[White "MADMIKE"]
[Black "jambalaya"]
[Result "0-1"]
[WhiteElo "1804"]
[BlackElo "1772"]

1. d4 Na6 2. e4 c6 3. a3 g6 4. Nf3 Bg7 5. e5 d6 6. exd6 exd6 7. Be2 Bg4 8. h3
Bxf3 9. Bxf3 Nh6 10. O-O O-O 11. Nc3 d5 12. Be2 Nc7 13. f4 Nf5 14. Kh2 Re8 15.
Bg4 Ne3 16. Bxe3 Rxe3 17. f5 Qd6+ 18. Kh1 Ne8 19. fxg6 hxg6 20. Qd2 Bh6 21. Qf2
Re7 22. Rae1 Qc7 23. b4 Nd6 24. Rxe7 Qxe7 25. a4 Qe3 26. Qxe3 Bxe3 27. Ne2 Ne4
28. a5 Nf2+ 29. Kh2 Re8 30. Nc3 Bxd4 31. Nd1 Nxg4+ 32. hxg4 Re2 33. c3 Be5+ 34.
Kh1 g5 35. Kg1 Bf4 36. Kh1 b5 37. Nf2 Be5 38. Nd3 Bxc3 39. Rc1 d4 40. Kh2 Kg7
41. Kh3 Re3+ 42. Kh2 Rxd3 43. Rb1 Re3 44. g3 d3 45. Kg2 d2 46. Kf2 Re1 0-1

[Event "AUTO-ADV-4536"]
[Site "http://www.queenalice.com/game.php?id=1769289"]
[Date "2021.9.9"]
[Round "1"]
[White "serrameira"]
[Black "MADMIKE"]
[Result "0-1"]
[WhiteElo "1802"]
[BlackElo "1789"]

1. e4 e5 2. Nf3 d6 3. Bc4 h6 4. O-O Nf6 5. Re1 Be7 6. d4 exd4 7. Nxd4 O-O 8. Nc3
c6 9. h3 a6 10. Nf3 Be6 11. Bxe6 fxe6 12. Be3 c5 13. Qe2 Nc6 14. Rad1 e5 15. Bc1
b5 16. Nd5 Nxd5 17. exd5 Nd4 18. Nxd4 cxd4 19. c3 dxc3 20. bxc3 Rc8 21. Bb2 Bh4
22. Rf1 Qb6 23. Rd3 Rce8 24. Rf3 Rxf3 25. Qxf3 Rf8 26. Qe3 Qa5 27. a3 Qc7 28.
Qe4 Bg5 29. h4 Be7 30. g3 a5 31. Qd3 Qb6 32. Bc1 Qb7 33. f3 Qd7 34. Kg2 a4 35.
Qe4 Qc7 36. Bd2 Bd8 37. Rc1 Qc5 38. Ra1 Bb6 39. Be1 h5 40. Qe2 Qg1+ 0-1

[Event "AUTO-ADV-4536"]
[Site "http://www.queenalice.com/game.php?id=1769290"]
[Date "2021.9.9"]
[Round "1"]
[White "MADMIKE"]
[Black "serrameira"]
[Result "1-0"]
[WhiteElo "1748"]
[BlackElo "1804"]

1. d4 d5 2. Nc3 Nf6 3. Bf4 Nc6 4. Nb5 e5 5. dxe5 Nh5 6. e3 Nxf4 7. exf4 Bf5 8.
a3 d4 9. Bd3 Bxd3 10. cxd3 a6 11. Nxc7+ Qxc7 12. Nf3 O-O-O 13. O-O h6 14. Rc1
Qb6 15. b4 Kb8 16. h3 g6 17. Nd2 Rd5 18. Qf3 Bg7 19. Qxd5 f5 20. Nc4 Qd8 21. Qf7
Qe7 22. Qxg6 Rf8 23. Qd6+ Qxd6 24. Nxd6 Ka7 25. b5 axb5 26. Nxb5+ Kb8 27. Nd6
Na7 28. Rb1 Rd8 29. Rxb7+ Ka8 30. Rxg7 1-0

[Event "AUTO-ADV-4536"]
[Site "http://www.queenalice.com/game.php?id=1769301"]
[Date "2021.9.9"]
[Round "1"]
[White "MADMIKE"]
[Black "Capixaba789"]
[Result "0-1"]
[WhiteElo "1765"]
[BlackElo "1743"]

1. d4 d5 2. Nc3 Nf6 3. Bf4 c6 4. h3 e6 5. Nf3 Be7 6. e3 Nbd7 7. Bd3 Nb6 8. O-O
O-O 9. a3 Nc4 10. Bxc4 dxc4 11. Ne5 Nd5 12. Nxc4 Nxf4 13. exf4 Bf6 14. Ne5 Qc7
15. b4 b5 16. a4 bxa4 17. Nxa4 Bb7 18. Nc5 Bxe5 19. fxe5 Rfd8 20. c3 a6 21. f4
h6 22. f5 exf5 23. Rxf5 Bc8 24. Rf3 Be6 25. Nxa6 Qb6 26. Nc5 Bd5 27. Re3 Rxa1
28. Qxa1 Qb5 29. Qb2 Re8 30. h4 Qb8 31. h5 Qc8 32. Qe2 Qf5 33. c4 Be6 34. Ne4
Ra8 35. Qe1 Qxh5 36. Rc3 Ra2 37. Nd2 Qg5 38. Qe3 Qxe3+ 39. Rxe3 Rxd2 40. b5 cxb5
41. d5 Bxd5 42. cxd5 Rxd5 43. e6 fxe6 44. Rxe6 b4 45. Rb6 Rd4 46. Kf2 Kh7 47.
Ke3 Rc4 48. Kd3 Rg4 49. Kc2 h5 50. g3 g6 51. Kb3 Rxg3+ 52. Kxb4 Kh6 53. Kc4 h4
54. Kd4 Kh5 55. Ke4 g5 56. Rb7 Kg4 57. Rg7 h3 58. Rh7 Rg2 59. Ke3 Kg3 60. Rh5 g4
61. Ke4 h2 62. Kf5 Rg1 63. Rg5 h1=Q 64. Rxg4+ Kf3 0-1

[Event "AUTO-ADV-4536"]
[Site "http://www.queenalice.com/game.php?id=1769302"]
[Date "2021.9.9"]
[Round "1"]
[White "Capixaba789"]
[Black "MADMIKE"]
[Result "1-0"]
[WhiteElo "1755"]
[BlackElo "1760"]

1. e4 e5 2. Bc4 d6 3. Nf3 h6 4. d4 exd4 5. Nxd4 Nf6 6. O-O Nxe4 7. Bxf7+ Kxf7 8.
Qh5+ g6 9. Qd5+ Kg7 10. Qxe4 Nc6 11. Nxc6 bxc6 12. Qxc6 Bd7 13. Qc3+ Kh7 14. Nd2
d5 15. Nf3 Bg7 16. Qd3 Bf5 17. Qd2 c6 18. Re1 Re8 19. c3 Rxe1+ 20. Nxe1 Qe7 21.
Nf3 Rc8 22. Qf4 a5 23. Be3 c5 24. h3 Rd8 25. Re1 Qa7 26. a3 a4 27. Nh4 d4 28.
Nxf5 gxf5 29. Qxf5+ Kg8 30. cxd4 cxd4 31. Qe6+ Kh8 32. Bxh6 Bxh6 33. Qxh6+ Qh7
34. Qf6+ 1-0

[Event "AUTO-ADV-4517"]
[Site "http://www.queenalice.com/game.php?id=1770515"]
[Date "2021.9.22"]
[Round "2"]
[White "mennecy91"]
[Black "MADMIKE"]
[Result "1-0"]
[WhiteElo "1975"]
[BlackElo "1745"]

1. d4 d5 2. Nf3 Nc6 3. c3 h6 4. Bf4 Nf6 5. Nbd2 e6 6. e3 a6 7. Bd3 Be7 8. O-O
O-O 9. Ne5 Nxe5 10. Bxe5 Bd6 11. f4 Bxe5 12. fxe5 Nd7 13. Qg4 Qe7 14. Rf3 f6 15.
Rh3 f5 16. Qg3 Kh8 17. Nf3 c5 18. Nh4 Qf7 19. Ng6+ Kh7 20. Nxf8+ Qxf8 21. Rf1 c4
22. Be2 b5 23. Qg5 a5 24. g4 Qf7 25. gxf5 exf5 26. Rxf5 Qe6 27. Bg4 Nb6 28. Rf4
Qe8 29. Bf5+ Bxf5 30. Qxf5+ Kg8 31. Rg4 Kh8 32. Rxh6+ gxh6 33. Qf6+ 1-0

[Event "AUTO-ADV-4517"]
[Site "http://www.queenalice.com/game.php?id=1770516"]
[Date "2021.9.22"]
[Round "2"]
[White "MADMIKE"]
[Black "mennecy91"]
[Result "0-1"]
[WhiteElo "1738"]
[BlackElo "1989"]

1. d4 d5 2. Nc3 Nf6 3. Bf4 c6 4. h3 Bf5 5. Nf3 Nbd7 6. e3 e6 7. Bd3 Bxd3 8. cxd3
Bb4 9. O-O O-O 10. a3 Ba5 11. b4 Bc7 12. Bg5 h6 13. Bxf6 Nxf6 14. e4 b5 15. e5
Nh7 16. a4 a6 17. axb5 axb5 18. Qc2 Qe7 19. Qb2 Bb6 20. Na2 Rfc8 21. Rfc1 Ng5
22. Nxg5 Qxg5 23. Nc3 Bxd4 24. Qb3 Rxa1 25. Rxa1 Qxe5 26. Rc1 Qf6 27. Qb2 Ra8
28. Qd2 Ra3 29. Kf1 Bxc3 30. Qc2 Bd4 31. f3 Rc3 32. Qb2 Rxc1+ 33. Qxc1 e5 0-1

[Event "AUTO-ADV-4517"]
[Site "http://www.queenalice.com/game.php?id=1770519"]
[Date "2021.9.22"]
[Round "2"]
[White "DAlessandro"]
[Black "MADMIKE"]
[Result "1/2-1/2"]
[WhiteElo "1570"]
[BlackElo "1748"]

1. c4 c5 2. Nc3 e5 3. d3 h6 4. e3 Nf6 5. Nf3 Bd6 6. Be2 O-O 7. O-O Nc6 8. Bd2 a6
9. Rc1 Bc7 10. a3 Re8 11. Re1 d6 12. d4 cxd4 13. exd4 exd4 14. Nd5 Ne5 15. Nxd4
Nxd5 16. cxd5 b5 17. b4 Bb6 18. Nc6 Nxc6 19. dxc6 Bc7 20. Qb3 Be6 21. Qf3 d5 22.
Bf4 Bxf4 23. Qxf4 Rc8 24. Rc5 Rc7 25. Bg4 Bxg4 26. Rxe8+ Qxe8 27. h3 Rxc6 28.
Qxg4 Rxc5 29. bxc5 Qc6 30. Qd4 f6 31. f4 a5 32. Kf2 Qb7 33. Qc3 b4 34. Qb3 Kh8
35. g4 d4 36. axb4 axb4 37. Qc4 b3 38. c6 Qc7 39. Qxd4 Qxc6 40. Qd8+ Kh7 41.
Qd3+ Kg8 42. Qxb3+ Kh7 43. Qd3+ 1/2-1/2

[Event "AUTO-ADV-4517"]
[Site "http://www.queenalice.com/game.php?id=1770520"]
[Date "2021.9.22"]
[Round "2"]
[White "MADMIKE"]
[Black "DAlessandro"]
[Result "0-1"]
[WhiteElo "1741"]
[BlackElo "1732"]

1. d4 c5 2. d5 Nf6 3. Nc3 d6 4. e4 e6 5. Bg5 Be7 6. dxe6 Bxe6 7. Bb5+ Nbd7 8.
Nf3 O-O 9. O-O a6 10. Bxd7 Qxd7 11. e5 Ne8 12. Bxe7 Qxe7 13. exd6 Nxd6 14. Ne5
Nc4 15. Nxc4 Bxc4 16. Re1 Qc7 17. b3 Be6 18. h3 Qa5 19. Ne4 Rfd8 20. Qc1 Rac8
21. c4 b5 22. cxb5 Qxb5 23. Nc3 Qc6 24. f3 c4 25. bxc4 Bxc4 26. Re3 Qb6 27. Rb1
Qa7 28. Kh1 Bxa2 29. Ra1 Be6 30. Qe1 Re8 31. Nb5 Qc5 32. Nc3 Qc6 33. Ne4 Ra8 34.
Rc3 Qb6 35. Rb1 Qd4 36. Rd1 Qb4 37. Rb1 Qe7 38. Rbc1 a5 39. Rc6 a4 40. Nc5 a3
41. Nxe6 fxe6 42. Qe5 a2 43. Rc7 Qf6 44. Qxf6 gxf6 45. Ra1 Reb8 46. Rcc1 Rb2 47.
Kh2 Kg7 48. Kg3 Kg6 49. h4 Rd8 50. Rg1 Rdd2 51. Kh3 e5 52. Kh2 Kf5 53. Kg3 h5
54. Raf1 Kg6 55. f4 Rd3+ 0-1

[Event "AUTO-ADV-4517"]
[Site "http://www.queenalice.com/game.php?id=1770521"]
[Date "2021.9.22"]
[Round "2"]
[White "chessman"]
[Black "MADMIKE"]
[Result "0-1"]
[WhiteElo "1946"]
[BlackElo "1766"]

1. e4 e5 2. Nf3 d6 3. d4 exd4 4. Nxd4 Be7 5. Nc3 Nf6 6. Be2 O-O 7. O-O Nc6 8.
Be3 Ne5 9. h3 c6 10. b3 a6 11. f4 Ned7 12. Bf3 c5 13. Nf5 Nb6 14. Nxe7+ Qxe7 15.
Bf2 Bd7 16. Nd5 Nfxd5 17. exd5 f5 18. c4 a5 19. Re1 Qf6 20. Qc2 a4 21. Rad1 axb3
22. axb3 Nc8 23. Qd2 b6 24. Re2 Ne7 25. Rde1 Ng6 26. Bh5 Ra3 27. Bxg6 hxg6 28.
Re7 Ra7 29. Qe3 Rb7 30. Ra1 Qxa1+ 31. Kh2 Qf6 0-1

[Event "AUTO-ADV-4517"]
[Site "http://www.queenalice.com/game.php?id=1770522"]
[Date "2021.9.22"]
[Round "2"]
[White "MADMIKE"]
[Black "chessman"]
[Result "0-1"]
[WhiteElo "1787"]
[BlackElo "1943"]

1. d4 d5 2. e3 Nf6 3. Nc3 e6 4. a3 c5 5. dxc5 Bxc5 6. Nf3 O-O 7. Bd3 Nc6 8. O-O
Bd7 9. h3 e5 10. Nd2 Bd6 11. f3 Qb6 12. Nb3 a6 13. Na4 Qc7 14. e4 d4 15. c3 b5
16. Nac5 Bxc5 17. Nxc5 dxc3 18. bxc3 Rad8 19. Nxa6 Qb6+ 20. Kh1 Qxa6 21. Rb1 Na5
22. a4 Nc4 23. Bxc4 bxc4 24. Qc2 Qxa4 25. Qe2 Qc6 26. Bg5 Rc8 27. Rfd1 Rfd8 28.
Bxf6 Qxf6 29. Rb7 Be6 30. Rbb1 Rxd1+ 31. Rxd1 Rd8 32. Ra1 Qe7 33. Qe3 h6 34. f4
exf4 35. Qxf4 Qd7 36. e5 Qd2 37. Qg3 Qg5 38. Qe1 g6 39. Ra2 Kg7 40. Rf2 Rd5 41.
Re2 Rd3 42. Kh2 Qf4+ 43. Kh1 Bxh3 44. gxh3 Rxh3+ 45. Kg1 Qg3+ 46. Qxg3 Rxg3+ 47.
Kf2 Rxc3 48. e6 fxe6 49. Rxe6 h5 50. Ke2 Kh6 51. Kd2 Rd3+ 52. Kc2 h4 53. Re4 g5
54. Rxc4 Rd6 55. Rc8 Kh5 56. Rc4 h3 57. Rc7 g4 0-1